000 00748cam a22002292 4500
001 0000006233
005 20151217152015.0
008 070927s xx 000 0 eng d
020 _a8120323815 :
_cKES 2500
040 _aKABU
_cKABU
100 1 _aRappaport, Theodore S.
_@0000157634
245 1 0 _aWireless communications :
_bprinciples and practice.
250 _a2nd ed.
260 _aNew Delhi :
_bPrentice-Hall,
_c2002.
300 _axvii, 707 p.
650 0 _aWireless communication systems.
_@0000151097
650 0 _aMobile communication system.
_@0000157635
852 1 _9p3800 KES
908 _a070927
950 _@1
999 _c7238
_d7238